Top 50 Most Popular Car Manufacturers - Statistics

General Stats
  • This quiz has been taken 1,782 times
  • The average score is 12 of 50
Answer Stats
Rank Country Manufacturer % Correct
5 United States Ford
93%
1 Japan Toyota
93%
14 Germany BMW
82%
7 Japan Honda
80%
3 Germany Volkswagen
75%
4 South Korea Hyundai
73%
6 Japan Nissan
70%
2 United States General Motors
63%
13 Italy Fiat
62%
8 France PSA Peugeot Citroen
62%
10 France Renault
53%
19 Japan Mitsubishi
50%
34 Sweden Volvo
50%
11 United States Chrysler
45%
17 Japan Mazda
45%
9 Japan Suzuki
41%
43 Germany Porsche
39%
16 India Tata
39%
12 Germany Daimler AG
21%
21 China Geely
16%
27 Japan Isuzu
12%
35 Malaysia Proton
9%
25 China Great Wall
7%
29 Russia AvtoVAZ
6%
32 China BYD
6%
28 China Chery
6%
26 India Mahindra
6%
38 Russia GAZ
5%
18 China Dongfeng
3%
24 China FAW Group
3%
15 China SAIC
3%
47 Russia UAZ
3%
20 China Chang'an
2%
22 Japan Fuji
2%
39 India Ashok Leyland
1%
23 China BAIC
1%
30 China Brilliance
1%
33 China Chonhqing Lifan
1%
41 China GAC Group
1%
31 China JAC
1%
36 China China National Heavy Duty Truck
0%
50 China Chun Nan Jun
0%
40 China Hunan Jiangnan
0%
46 China King Long
0%
45 United States NaviStar
0%
37 United States Paccar
0%
42 China Shaanxi
0%
44 China Soueast
0%
48 China Tangjun Ou Ling
0%
49 China ZXAuto
0%
No matching quizzes found
Score Distribution
Percent of People with Each Score
Percentile by Number Answered
Your Score History
You have not taken this quiz